| 000 | 01059nam0a2200301 4500 | ||
|---|---|---|---|
| 001 | RU\NLR\bibl\23710 | ||
| 005 | 20260406025546.0 | ||
| 035 | _a(NLR Aleph) 000023102 | ||
| 090 |
_a108665 _c108665 |
||
| 100 | _a19990421d1999 |||y0rusy50 ca | ||
| 101 | 0 | _arus | |
| 102 | _aRU | ||
| 105 | _a||||||||||||| | ||
| 200 | 1 |
_aЮрий Лазаревич Алянский _e50 лет работы, 1949-1998 _eБиблиогр. указ. _fЮ.Л. Алянский |
|
| 210 |
_aСПб. _cБ.и. _d1999 |
||
| 215 |
_a80 с. _d21 |
||
| 320 | _aС автогр. авт. | ||
| 600 | 1 |
_aАлянский _bЮ. Л. _f1921 - 2014 _gЮрий Лазаревич _jБиблиография _92083622 _3RU\NLR\auth\661259688 |
|
| 686 | _aЩ10г(2)7д | ||
| 700 | 1 |
_4070 _8rus _7ca _aАлянский _bЮ.Л. _gЮрий Лазаревич _f1921-2014 _3RU\NLR\AUTH\779 _9110135 |
|
| 801 | 0 |
_aRU _bNLR _c19990421 _gPSBO |
|
| 801 | 1 |
_aRU _bNLR _c19990421 |
|
| 852 |
_aNLR _jС К-2/7433 |
||
| 942 | _cBOOK | ||
| 980 | _aNB | ||